La filosofía en sus textos

Saved in:
Bibliografiske detaljer
Format: Bog
Sprog:spansk
Udgivet: Barcelona Labor 1900
Fag:
Tags: Tilføj Tag
Ingen Tags, Vær først til at tagge denne postø!

MARC

LEADER 00000nam a2200000 a 4500
001 UCZ2151
003 CL-VaPUC
008 950926e19000000SP |||||||||||||||||spa|d
082 0 4 |a 109  |b MAR  |2 21 
245 1 3 |a La filosofía en sus textos 
300 |a 2 v 
942 |c BK 
945 |d 19950926 00:00:00  |a cmena 
260 |a Barcelona  |b Labor  |c 1900 
650 0 |a Historia de la filosofía  |9 256920 
650 0 |a Filosofía antigua   |9 255705 
650 0 |a Filosofía medieval  |9 256245 
650 0 |a Filosofía renacentista   |9 268121 
650 0 |a Filosofía moderna  |9 258121 
583 |a last modification  |c 20121007 10:17:13  |k Rodrigo Vera 
999 |c 238798  |d 238796 
952 |0 0  |1 0  |4 0  |6 109_000000000000000_MAR_1900  |7 0  |8 A  |9 249301  |a BIBEDU  |b BIBEDU  |d 2019-11-18  |h v.1  |i 1564978  |o 109 MAR 1900  |p 1564978  |r 2019-11-18  |w 2019-11-18  |y BK  |k FIL 
952 |0 0  |1 0  |4 0  |6 109_000000000000000_MAR_1900  |7 0  |8 A  |9 249302  |a BIBEDU  |b BIBEDU  |d 2019-11-18  |h v.2  |i 1564986  |o 109 MAR 1900  |p 1564986  |r 2019-11-18  |w 2019-11-18  |y BK  |k FIL